000 00639nam a22001937a 4500
005 20251108164325.0
008 250721s1977 xx 000 0 ara d
082 1 4 _a811.7/عشا
100 1 _aالعشارى، حسين بن علي بن حسن
245 1 0 _aديوان العشارى /
264 1 _aبغداد :
_bوزارة الأوقاف،
_c1977.
300 _a653ص
490 0 _aأحياء التراث الاسلامي ؛25
650 1 7 _aالشعر العربي
650 1 7 _aالإمبراطورية العثمانية 1402-1922
700 1 _aعبد السلام، عماد
_eتحقيق
942 _2ddc
_cBK
999 _c9329
_d9329